Представление документа в формате RUSMARC

ПолеНазваниеЗначение
  Тип записи a
  Библиографический уровень m
001 Контрольный номер RU/IS/BASE/582992706
005 Дата корректировки 20201206205135.2
010 Индекс ISBN __
a ISBN 978-5-17-105901-9 (в пер.)
d Цена 273-90, 2000 экз.
100 Данные общей обработки __
a Данные общей обработки 19180622d2018||||||| 0rusy0189 ca
101 Язык документа 0_
a Язык текста rus
102 Страна публикации __
a Страна публикации ru
105 Кодированные данные (монография) __
a Кодированные данные (монография) ||||||||000zy
200 Заглавие и сведения об ответственности 1_
a Заглавие Записки неримского папы
f Первые сведения об ответственности Олег Батлук
b Общее обозначение материала Текст
210 Выходные данные __
a Место издания Москва
c Издательство АСТ
d Дата издания 2018
215 Физическое описание __
a Объем 349, [2] с.
d Формат 21 см
330 Аннотация __
a Аннотация Мы привыкли к тому, что мамы могут сутками рассказывать про своих деток. А вот папы обычно отмалчиваются, как партизаны. Словно они не участвовали, и все это само случайно вышло: пришли с работы, а в квартире пищащий кулёк. Олег Батлук - один из тех немногих мужчин, кто осмелился выйти из леса. Первая часть его "Записок неримского папы" уже покорила пользователей интернета. Автор пишет о своём опыте отцовства в жанре юмористического триллера. Стандартные для любого родителя ситуации, преломленные через паническое сознание немолодого молодого отца, на глазах читателя превращаются в весёлый и вдохновляющий фильм ужасов. В этом издании вместе с первой книжкой впервые публикуется вторая часть смешной эпопеи. "Записки неримского папы" - это универсальная таблетка против хандры и для родителей, и для бездетных. Лёгкий оригинальный стиль автора оставляет приятное послевкусие и надолго заряжает энергией и оптимизмом.
333 Примечание о целевом назначении __
a Примечание о целевом назначении 16+. Для детей старше 16 лет
606 Тематические рубрики __
a Основная рубрика Художественная литература
606 Тематические рубрики __
a Основная рубрика Современная русская литература (произведения)
610 Ключевые слова __
a Ключевые слова рассказы
a Ключевые слова современная проза
a Ключевые слова тема детей
a Ключевые слова тема отцов
a Ключевые слова тема отцов и детей
a Ключевые слова тема папы
a Ключевые слова тема юмора
a Ключевые слова юмористические рассказы
686 Индексы других классификаций __
2 Код системы rubbks
a Классификационный индекс 84(2=411.2)6-4; ст84(2Рос=Рус)6-4
700 Автор _1
a Фамилия Батлук
b Имя О.
f Даты 1975-
g Полное личное имя Олег
4 Код отношения 070
801 Источник записи _0
a Страна ru
b Организация Муниципальное бюджетное учреждение культуры "Централизованная библиотечная система" г. Сургут (Центральная городская библиотека им. А. С. Пушкина)
c Дата составления 20180622
g Правила каталогизации rpk
801 Источник записи _1
a Страна ru
b Организация Муниципальное бюджетное учреждение культуры "Централизованная библиотечная система" г. Сургут (Центральная городская библиотека им. А. С. Пушкина)
c Дата составления 20180622
g Правила каталогизации rpk
852 Данные о местонахождении __
j Шифр хранения 84(2=411.2)6-4
i Авторский знак Б 28
901 Тип документа __
t Тип документа m
a Ответственный КиК/Апакова
903 Характеристики (МАРС) __
a Дата передачи 20180622
990 Данные о заказе (DOS) __
j Количество экземпляров (DOS) 8
t N записи в КСУ для И/У (DOS) 201806